Design with energy: the conservation and use of energy in buildings (Record no. 63455)

MARC details
000 -LEADER
fixed length control field 00816nam a2200181 a 4500
008 - FIXED-LENGTH DATA ELEMENTS--GENERAL INFORMATION
fixed length control field 120416s1984 ||||||||||||||||| || u
020 ## - INTERNATIONAL STANDARD BOOK NUMBER
International Standard Book Number 0521245621
050 ## - LIBRARY OF CONGRESS CALL NUMBER
Classification number TJ 163.5.B84 Lit
100 ## - MAIN ENTRY--PERSONAL NAME
Personal name Littler, John
245 10 - TITLE STATEMENT
Title Design with energy: the conservation and use of energy in buildings
260 ## - PUBLICATION, DISTRIBUTION, ETC.
Place of publication, distribution, etc. Cambridge:
Name of publisher, distributor, etc. The University Press
Date of publication, distribution, etc. 1984
300 ## - PHYSICAL DESCRIPTION
Extent xvi, 366p. : ill.
350 ## -
-- 0.00
650 ## - SUBJECT ADDED ENTRY--TOPICAL TERM
Topical term or geographic name entry element BUILDINGS--ENERGY CONSERVATION
650 ## - SUBJECT ADDED ENTRY--TOPICAL TERM
Topical term or geographic name entry element BUILDINGS--ENERGY CONSUMPTION
995 ## -
-- MAIN LIBRARY OPEN ACCESS
-- 0.00
-- 709649
-- CBU-MAIN LIBRARY (Kitwe)
-- 2
-- 37.50
-- TJ 163.5.B84 Lit
-- AVAILABLE
-- 017852
-- Main Library Open Access Collection
995 ## -
-- MAIN LIBRARY OPEN ACCESS
-- 0.00
-- 728170
-- CBU-MAIN LIBRARY (Kitwe)
-- 1
-- 37.50
-- TJ 163.5.B84 Lit
-- AVAILABLE
-- 026302
-- Main Library Open Access Collection
999 ## -
-- 63455
-- 63455
Holdings
Withdrawn status Lost status Source of classification or shelving scheme Damaged status Not for loan Permanent Location Current Location Shelving location Date acquired Total Checkouts Full call number Barcode Date last seen Price effective from Koha item type
          CBU-MAIN LIBRARY, KITWE. CBU-MAIN LIBRARY, KITWE.   12/24/2022   TJ 163.5.B84 Lit 017852 12/24/2022 12/24/2022 MONOGRAPH
          CBU-MAIN LIBRARY, KITWE. CBU-MAIN LIBRARY, KITWE.   12/24/2022   TJ 163.5.B84 Lit 026302 12/24/2022 12/24/2022 MONOGRAPH